000 00891nam a2200265Ia 4500
001 dia_1424
003 CHAP
005 20251021150514.0
008 220117s1967 xx 000 0 und d
010 _a171965
040 _cCHAP
082 _a614.31 B52
100 _aBigwood, E.J
_9150728
240 _aObjetivos y Principios Fundamentales de un Derecho Comparado de la Alimentación
245 _aOjetivos y Principios Fundamentales de un Derecho Comparado de la Alimentación. /
_c por E.J. Bigwood [et al]
260 _aS.I
_c1967
300 _aS.p
650 _aAditivos alimenticios
_xleyes y legislación.i.t
_9150729
650 _aAlimentos
_xindustria y comercio.
_9131091
650 _aAlimentos
_xleyes y legislación.
_9150730
901 _a614.31 B52
902 _aM
905 _a0000001967 MEXX 0000000000ESP00
942 _cLIBRO
_2ddc
999 _c171965
_d171965